00742cpcaa2200229 4500001001300000003000400013005001700017008004100034010001700075040002400092072001200116245006200128300001300190300001800203506002200221520010500243546003600348650002500384651004300409651004300452999001700495mm 83086082 DLC20260227111721.0830728|||||||||||| spa  amm 83086082  aDLCcDLCedacsdDLC 7aN2lcmd00aViaje a América del sur :kdiary,f1849 Jan. 12-May 14. a1fitem. a1fcontainer.0 aOpen to research.8 aDiary (23 pages) by an unknown person of a voyage along the west coast of Central and South America. aCollection material in Spanish. 0aVoyages and travels. 0aLatin AmericaxDescription and travel. 0aSouth AmericaxDescription and travel. c44049d44049